[Event "The Summer Games"]
[Site "SchemingMind.com"]
[Date "2013.08.01"]
[Round "-"]
[White "cnbcad"]
[Black "ray winteringham"]
[Result "0-1"]
[WhiteCountry "USA"]
[BlackCountry "ENG"]
[WhiteElo "1542"]
[WhiteRD "75"]
[BlackElo "1537"]
[BlackRD "50"]
[GameID "335985"]

1. Nf3 d5 2. d4 Bf5 3. g3 e6 4. Bg2 h6 5. Nbd2 Bd6 6. Ne5 f6 7. Nd3 Ne7 8. O-O Nbc6 9. e4 dxe4 10. Nxe4 Nxd4
11. Nxd6+ Qxd6 12. Qh5+ Bg6 13. Qd1 O-O 14. Bxb7 Rab8 15. Bg2 Rbd8 16. Nf4 Bxc2 17. Qg4 Bf5 18. Qd1 Bc2 19. Qe1 e5 20. Ne2 Nef5
21. Nxd4 Nxd4 22. Be3 Bd3 23. Bxd4 Qxd4 24. b3 Bxf1 25. Bxf1 f5 26. Bc4+ Kh8 27. a4 f4 28. Be2 fxg3 29. hxg3 Rxf2 30. Qxf2 Qxa1+
31. Kg2 Rd2 32. Qf8+= Kh7 33. Qf5+= Kg8 34. Qe6+ Kh8 35. Qc8+= Kh7 36. Qf5+= Kg8 37. Qe6+ Kf8 38. Qf5+ Ke7 39. Qg4 g5 40. Qb4+ Rd6
41. Qc5 Qd4 42. Qxc7+ Rd7 43. Qc6 Qd5+ 44. Qxd5 Rxd5 45. Bc4 Rd4 46. Kf3 a5 47. g4 Kd6 48. Bg8 Kc5 49. Be6 Kb4 50. Ke3 Rd6
51. Bc4 Rd4 52. Be6 Rf4 53. Kd3 Kc5 54. Kc3 e4 55. Bf5 e3 56. Kd3 Rf3 57. Be4 Rg3 58. Bf5 Kb4 59. Be6 Ka3 60. Ke2 Kb2
61. Kd3 Kc1 62. Bc8 Kd1 63. b4 e2+
0-1

[Event "The Summer Games"]
[Site "SchemingMind.com"]
[Date "2013.08.01"]
[Round "-"]
[White "cnbcad"]
[Black "Paul7926"]
[Result "1-0"]
[WhiteCountry "USA"]
[BlackCountry "ENG"]
[WhiteElo "1542"]
[WhiteRD "75"]
[BlackElo "1333"]
[BlackRD "91"]
[GameID "335986"]

1. Nf3 d5 2. d4 Nc6 3. g3 b6 4. Bg2 f6 5. c3 e5 6. dxe5 fxe5 7. Qa4 Bd7 8. Qd1 Qf6 9. Bg5 Qf5 10. Qxd5 Qc2
11. Nxe5 Nge7 12. Qf7+ Kd8 13. Nxd7 Kxd7 14. Bxe7 Bxe7 15. O-O g6 16. Bxc6+ Kxc6 17. Qxe7 Qxb2 18. Qe4+ Kb5 19. Qd5+ c5 20. Nd2 Qxc3
21. a4+ Ka6 22. a5 Rhd8 23. axb6+ Kxb6 24. Rfb1+ Kc7 25. Rb7+ Kc8 26. Qc6#
1-0

[Event "The Summer Games"]
[Site "SchemingMind.com"]
[Date "2013.08.02"]
[Round "-"]
[White "Mitch The Man"]
[Black "cnbcad"]
[Result "0-1"]
[WhiteCountry "USA"]
[BlackCountry "USA"]
[WhiteElo "1412"]
[WhiteRD "67"]
[BlackElo "1542"]
[BlackRD "75"]
[GameID "335987"]

1. e4 c5 2. c4 g6 3. e5 Bg7 4. Qe2 Nc6 5. Nf3 Nh6 6. a3 Ng4 7. b3 Ngxe5 8. Nxe5 Nxe5 9. Bb2 Nf3+ 10. Qxf3 Bxb2
11. Ra2 Bg7 12. Bd3 O-O 13. O-O Qb6 14. Bc2 d6 15. Nc3 Bd7 16. Nd5 Qd8 17. Nf4 e5 18. Ne2 Bc6 19. Qe3 f5 20. Nc3 d5
21. cxd5 Bxd5 22. Qxc5 b6 23. Qe3 e4 24. Nxd5 Qxd5 25. Rd1 Rac8 26. a4 Bd4 27. Qe2 Rfe8 28. Kf1 Qe5 29. g3 Qd5 30. Qa6 e3
31. dxe3 Qf3 32. exd4 Rxc2
0-1

[Event "The Summer Games"]
[Site "SchemingMind.com"]
[Date "2013.08.02"]
[Round "-"]
[White "rk"]
[Black "cnbcad"]
[Result "0-1"]
[WhiteCountry "USA"]
[BlackCountry "USA"]
[WhiteElo "1245"]
[WhiteRD "107"]
[BlackElo "1512"]
[BlackRD "103"]
[GameID "335988"]

1. e4 c5 2. Nf3 g6 3. d3 Bg7 4. d4 cxd4 5. Nxd4 Nc6 6. Be3 Qb6 7. Nb5 Qa5+ 8. c3 a6 9. b4 Qd8 10. Bd4 Nxd4
11. Nxd4 d6 12. Bd3 Nf6 13. h3 e5 14. Nf3 O-O
0-1

[Event "The Summer Games"]
[Site "SchemingMind.com"]
[Date "2013.08.06"]
[Round "-"]
[White "Phillip Beckett"]
[Black "cnbcad"]
[Result "1-0"]
[WhiteCountry "ENG"]
[BlackCountry "USA"]
[WhiteElo "1553"]
[WhiteRD "51"]
[BlackElo "1542"]
[BlackRD "75"]
[GameID "335989"]

1. d4 d5 2. e3 Nf6 3. Bd3 g6 4. f4 e6 5. Nf3 Bg7 6. Nbd2 Nbd7 7. O-O O-O 8. Ne5 Nxe5 9. fxe5 Nd7 10. c3 c5
11. Qe1 c4 12. Bc2 b5 13. e4 Bb7 14. exd5 Bxd5 15. Be4 a5 16. Bxd5 exd5 17. e6 fxe6 18. Rxf8+ Qxf8 19. Qxe6+ Qf7 20. Qxf7+ Kxf7
21. Nf3 Re8 22. Kf2 b4 23. Bf4 bxc3 24. bxc3 Nf6 25. Re1 Ne4+ 26. Kf1 Nxc3 27. Ng5+ Kg8 28. Rxe8+ Bf8 29. Bd6
1-0

[Event "The Summer Games"]
[Site "SchemingMind.com"]
[Date "2013.08.02"]
[Round "-"]
[White "jpetric"]
[Black "cnbcad"]
[Result "0-1"]
[WhiteCountry "USA"]
[BlackCountry "USA"]
[WhiteElo "1474"]
[WhiteRD "70"]
[BlackElo "1512"]
[BlackRD "103"]
[GameID "335990"]

1. e4 c5 2. d4 cxd4 3. Qxd4 Nc6 4. Qa4 e6 5. Bb5 a6 6. Bxc6 dxc6 7. Nc3 g6 8. Nf3 Bg7 9. Bd2 Bd7 10. O-O b5
11. Qb4 Ne7 12. Bg5 h6 13. Bh4 Rc8 14. Qc5 Rc7 15. Ne5 Bxe5 16. Qxe5 O-O 17. Rad1 Re8 18. Rd3 Qc8 19. Bg3 Rb7 20. Rfd1 c5
21. Ne2 c4 22. Rd4 Bc6 23. Qf6 Ra7 24. Bd6 Qb7 25. Bxe7 Qxe7 26. Qxe7 Raxe7 27. Rd8 Bxe4 28. c3 Bc2 29. R1d2 Bd3 30. Nf4 Rxd8
31. Nxd3 Rxd3 32. Re2 Rd1+
0-1

[Event "The Summer Games"]
[Site "SchemingMind.com"]
[Date "2013.08.01"]
[Round "-"]
[White "ray winteringham"]
[Black "cnbcad"]
[Result "1/2-1/2"]
[WhiteCountry "ENG"]
[BlackCountry "USA"]
[WhiteElo "1537"]
[WhiteRD "50"]
[BlackElo "1542"]
[BlackRD "75"]
[GameID "335991"]

1. d4 d5 2. c4 c6 3. Nc3 g6 4. g3 Bg7 5. e3 Nf6 6. c5 Qa5 7. Bd2 Bg4 8. Be2 Bxe2 9. Ngxe2 Qc7 10. O-O O-O
11. b4 Qd7 12. Kg2 Qf5 13. f4 Ne4 14. Nxe4 Qxe4+ 15. Kg1 Nd7 16. Nc3 Qf5 17. Qe2 b6 18. a4 bxc5 19. bxc5 Nf6 20. Qa6 Qh3
21. Rf2 Ng4 22. Rg2 Rab8 23. Qxc6 Rb2 24. Qxd5 e6 25. Qf3 Rd8 26. Ne4 Rb3 27. Nf2 Nxf2 28. Qxf2 Rdb8 29. Qf3 Rb1+ 30. Rxb1 Rxb1+
31. Kf2 Qf5 32. e4 Bxd4+ 33. Ke2 Qxc5 34. e5 Qc2 35. Qd3 Qb2 36. Kf3 Qb7+ 37. Kg4 Qxg2 38. Qxd4 Rd1 39. Qd8+ Kg7 40. Qf6+ Kf8
41. Bb4+ Kg8 42. Qe7 h5+ 43. Kg5 Qa8 44. Kf6 Qd8 45. a5 Qxe7+ 46. Kxe7 Rb1 47. Bc5 a6 48. Bb6 Rb2 49. h3 Rb3 50. Bf2 h4
51. gxh4 Rxh3 52. Be1 Re3 53. Bd2 Re2 54. Bc1 Rh2 55. Kd6 Rxh4 56. Kc6 Rh3 57. Kb6 Rh1 58. Ba3 Rf1 59. Kxa6 Rb1 60. Bc5 Kg7
61. Bb6 f6 62. exf6+ Kxf6 63. Kb7 e5 64. fxe5+ Kxe5 65. a6 Ra1 66. a7 g5 67. Kc6 g4 68. Kb7 g3 69. a8=Q Rxa8 70. Kxa8=
1/2-1/2

[Event "The Summer Games"]
[Site "SchemingMind.com"]
[Date "2013.08.02"]
[Round "-"]
[White "Paul7926"]
[Black "cnbcad"]
[Result "0-1"]
[WhiteCountry "ENG"]
[BlackCountry "USA"]
[WhiteElo "1336"]
[WhiteRD "81"]
[BlackElo "1552"]
[BlackRD "69"]
[GameID "335992"]

1. d4 d5 2. c4 c6 3. Nc3 e6 4. c5 Nf6 5. Nf3 g6 6. Ne5 Bg7 7. g3 b6 8. cxb6 Qxb6 9. Bg2 Nbd7 10. Na4 Qb4+
11. Bd2 Qxd4 12. Nf3 Qc4 13. b3 Qa6 14. O-O O-O 15. Rc1 Qb7 16. Qe1 Nb6 17. Nxb6 axb6 18. Ne5 c5 19. a4 Ne4 20. Bxe4 dxe4
21. Bc3 Qc7 22. Nc4 Bxc3 23. Rxc3 Bb7 24. Qd2 Rad8 25. Qh6 Rd5 26. b4 Rh5 27. Qe3 f5 28. bxc5 bxc5 29. Nb2 f4 30. Rxc5 Rxc5
0-1

[Event "The Summer Games"]
[Site "SchemingMind.com"]
[Date "2013.08.03"]
[Round "-"]
[White "DefensaSiciliana"]
[Black "Mitch The Man"]
[Result "0-1"]
[WhiteCountry "ESP"]
[BlackCountry "USA"]
[WhiteElo "1302"]
[WhiteRD "89"]
[BlackElo "1412"]
[BlackRD "67"]
[GameID "336115"]

1. e4 e5 2. Nf3 d6 3. d4 Qe7 4. Nc3 c6 5. Bc4 exd4 6. Qxd4 Nf6 7. Bf4 c5 8. Qd3 h6 9. O-O-O a6 10. Bxd6 Qd8
11. Bxf8 Qxd3 12. Rxd3 Rxf8 13. Rhd1 Nbd7 14. e5 Ng8 15. e6 fxe6 16. Bxe6 Ngf6 17. Nd5 Nxd5
0-1

[Event "The Summer Games"]
[Site "SchemingMind.com"]
[Date "2013.08.03"]
[Round "-"]
[White "DefensaSiciliana"]
[Black "cnbcad"]
[Result "0-1"]
[WhiteCountry "ESP"]
[BlackCountry "USA"]
[WhiteElo "1302"]
[WhiteRD "89"]
[BlackElo "1542"]
[BlackRD "75"]
[GameID "336116"]

1. e4 c5 2. Nf3 g6 3. d4 cxd4 4. Nxd4 Bg7 5. c4 Nc6 6. Be3 Qb6 7. Nb3 Qb4+ 8. Bd2 Qb6 9. Nc3 Nd4 10. Be3 e5
11. c5 Qc7 12. Nxd4 exd4 13. Bxd4 Nf6 14. Nb5 Qc6 15. Nd6+ Kf8
0-1

[Event "The Summer Games"]
[Site "SchemingMind.com"]
[Date "2013.08.02"]
[Round "-"]
[White "DefensaSiciliana"]
[Black "jpetric"]
[Result "0-1"]
[WhiteCountry "ESP"]
[BlackCountry "USA"]
[WhiteElo "1302"]
[WhiteRD "89"]
[BlackElo "1513"]
[BlackRD "66"]
[GameID "336119"]

1. e4 e5 2. Nf3 Nc6 3. d4 Bd6 4. dxe5 Nxe5 5. Nxe5 Bxe5 6. f4 Bd6 7. Nc3 b6 8. Qd5 Rb8 9. Nb5 Bb7 10. Nxd6+ cxd6
11. Qxd6 Bxe4 12. Qe5+ Kf8 13. Qxe4 Nf6 14. Qb4+ d6 15. Bb5 g6 16. O-O Kg7 17. Bd2 a5 18. Qd4 Re8
0-1

[Event "The Summer Games"]
[Site "SchemingMind.com"]
[Date "2013.08.03"]
[Round "-"]
[White "DefensaSiciliana"]
[Black "ray winteringham"]
[Result "0-1"]
[WhiteCountry "ESP"]
[BlackCountry "ENG"]
[WhiteElo "1302"]
[WhiteRD "89"]
[BlackElo "1537"]
[BlackRD "50"]
[GameID "336120"]

1. e4 e5 2. Nf3 Nc6 3. d4 d6 4. Bb5 Ne7 5. dxe5 Bd7 6. exd6 cxd6 7. Qxd6 Ng6 8. Qd5 Nf4 9. Bxf4 Be7 10. Nc3 O-O
11. O-O-O Be8 12. Qxd8 Nxd8 13. Bxe8 Rxe8 14. Rd7 Ne6 15. Be3 b6
0-1

[Event "The Summer Games"]
[Site "SchemingMind.com"]
[Date "2013.08.03"]
[Round "-"]
[White "DefensaSiciliana"]
[Black "Paul7926"]
[Result "1-0"]
[WhiteCountry "ESP"]
[BlackCountry "ENG"]
[WhiteElo "1514"]
[WhiteRD "79"]
[BlackElo "1336"]
[BlackRD "81"]
[GameID "336121"]

1. e4 c6 2. d4 d5 3. e5 Bf5 4. Nc3 f6 5. Nf3 Nd7 6. Nh4 e6 7. Nxf5 exf5 8. f4 fxe5 9. fxe5 Qe7 10. Bd3 g6
11. O-O Qh4 12. Rf4 Qh5 13. Qxh5 gxh5 14. Rxf5 h4 15. Bg5 h6 16. Bxh4 Be7 17. Bxe7 Kxe7 18. Raf1 Rf8 19. Rxf8 Nxf8 20. Rf2 Ne6
21. Ne2 h5 22. c3 Nh6 23. h3 h4 24. Nf4 Nxf4 25. Rxf4 Nf7= 26. Rg4 a5 27. Rg6 Rh6 28. Rxh6 Nxh6 29. Kf2 Ke6 30. Kf3 b5
31. Kf4 a4 32. Be2
1-0

[Event "The Summer Games"]
[Site "SchemingMind.com"]
[Date "2013.08.03"]
[Round "-"]
[White "Mitch The Man"]
[Black "DefensaSiciliana"]
[Result "0-1"]
[WhiteCountry "USA"]
[BlackCountry "ESP"]
[WhiteElo "1412"]
[WhiteRD "67"]
[BlackElo "1302"]
[BlackRD "89"]
[GameID "336122"]

1. e4 Nf6 2. e5 Nd5 3. d4 d6 4. Bd2 dxe5 5. dxe5 Bf5 6. Bc4 e6 7. Ne2 Qh4 8. O-O Qxc4 9. Nec3 Nxc3 10. Nxc3 Bb4
11. b3 Qg4 12. Qxg4 Bxg4 13. h3 Bf5 14. a3 Bxc3 15. Ra2 Bxd2 16. Rd1 Ba5
0-1

[Event "The Summer Games"]
[Site "SchemingMind.com"]
[Date "2013.08.04"]
[Round "-"]
[White "cnbcad"]
[Black "DefensaSiciliana"]
[Result "1-0"]
[WhiteCountry "USA"]
[BlackCountry "ESP"]
[WhiteElo "1542"]
[WhiteRD "75"]
[BlackElo "1302"]
[BlackRD "89"]
[GameID "336123"]

1. Nf3 Nf6 2. g3 b5 3. Bg2 Bb7 4. d4 e6 5. Be3 Be7 6. Qd3 a6 7. Nc3 b4 8. Na4 Be4 9. Qd2 Nd5 10. O-O Nxe3
11. Qxe3 f5 12. Nc5 Bxc5 13. dxc5 O-O 14. b3 Qe7 15. Ne5 Bxg2 16. Kxg2
1-0

[Event "The Summer Games"]
[Site "SchemingMind.com"]
[Date "2013.08.02"]
[Round "-"]
[White "rk"]
[Black "DefensaSiciliana"]
[Result "0-1"]
[WhiteCountry "USA"]
[BlackCountry "ESP"]
[WhiteElo "1199"]
[WhiteRD "102"]
[BlackElo "1302"]
[BlackRD "89"]
[GameID "336124"]

1. e4 Nf6 2. Bd3 e5 3. Nf3 d5 4. exd5 e4 5. Bxe4 Nxe4 6. Qe2 Qe7 7. Nd4 Nf6 8. Nf5 Bxf5 9. Qxe7+ Bxe7 10. d3 Nxd5
11. O-O O-O
0-1

[Event "The Summer Games"]
[Site "SchemingMind.com"]
[Date "2013.08.02"]
[Round "-"]
[White "jpetric"]
[Black "DefensaSiciliana"]
[Result "1-0"]
[WhiteCountry "USA"]
[BlackCountry "ESP"]
[WhiteElo "1488"]
[WhiteRD "67"]
[BlackElo "1514"]
[BlackRD "79"]
[GameID "336126"]

1. e4 Nf6 2. e5 Nd5 3. c4 Nb6 4. c5 Nd5 5. Bc4 e6 6. Nc3 Nxc3 7. bxc3 Bxc5 8. d4 d5 9. Bb3 Bf8 10. Nf3 c5
11. Ba4+ Bd7 12. Bg5 Qa5 13. Bxd7+ Nxd7 14. Qb3 cxd4 15. Rc1 Ba3 16. Qxb7 Rb8 17. Qc6 Bxc1 18. Bxc1 O-O 19. Qxd7 Qxc3+ 20. Bd2 Qa1+
21. Ke2 Qxh1 22. Qxa7 Qxg2 23. Qxd4 Qg6 24. a4 Qe4+ 25. Qxe4
1-0

[Event "The Summer Games"]
[Site "SchemingMind.com"]
[Date "2013.08.03"]
[Round "-"]
[White "ray winteringham"]
[Black "DefensaSiciliana"]
[Result "0-1"]
[WhiteCountry "ENG"]
[BlackCountry "ESP"]
[WhiteElo "1488"]
[WhiteRD "51"]
[BlackElo "1544"]
[BlackRD "78"]
[GameID "336127"]

1. e4 Nf6 2. e5 Nd5 3. Bc4 Nb6 4. Bb3 c5 5. d3 Nc6 6. Be3 e6 7. f4 d6 8. exd6 Bxd6 9. g3 Nd5 10. Bf2 O-O
11. Nd2 Na5 12. Qf3 Nxb3 13. Nxb3 b6 14. c4 Bb7 15. Qg2 Qc8 16. cxd5 c4 17. Nd2 Bxd5 18. Ngf3 cxd3 19. O-O Qc6 20. Be3 Rfd8
21. Qh3 h6 22. Bd4 Bc5 23. Bxc5 Qxc5+ 24. Kh1 Qc2 25. b3 Qxd2 26. Kg1 Bxf3 27. Rxf3 Qb2 28. Rff1 d2 29. Rfd1 Qxa1 30. Rxa1 d1=Q+
31. Rxd1 Rxd1+ 32. Kf2 Rad8 33. Qh4 R8d5 34. Qe7 Rd7 35. Qb4 R1d2+ 36. Kf3 Rxa2 37. Qb5 Rad2 38. h4 R2d5 39. Qa6 g6 40. Ke4 h5
41. b4 Rc7 42. Qa4 b5 43. Qb3 Rc4+ 44. Ke3 Rdd4 45. Qa2 Rxb4 46. Qxa7 Rd5 47. Qa3 Rdd4 48. Qa2 Re4+ 49. Kf2 Rbd4 50. Kg2 Re3
51. Kf2 Rdd3 52. Qa6 b4 53. Qa8+ Kg7 54. Qa1+ Rc3 55. Qd1 Rf3+ 56. Kg2 Rxg3+ 57. Kh2 Rgd3 58. Qa1 b3 59. Qb2 Kh7 60. Kg2 Rc2+
0-1

[Event "The Summer Games"]
[Site "SchemingMind.com"]
[Date "2013.08.03"]
[Round "-"]
[White "Paul7926"]
[Black "DefensaSiciliana"]
[Result "0-1"]
[WhiteCountry "ENG"]
[BlackCountry "ESP"]
[WhiteElo "1336"]
[WhiteRD "81"]
[BlackElo "1514"]
[BlackRD "79"]
[GameID "336128"]

1. d4 c5 2. e4 cxd4 3. Nf3 Nc6 4. Nxd4 g6 5. Be3 Nf6 6. Nc3 Bg7 7. Bc4 O-O 8. O-O Qa5 9. Nb3 Qc7 10. Nd5 Nxd5
11. Bxd5 Bxb2 12. Rb1 Bg7 13. Nc5 d6 14. Nd3 Bd7 15. c4 e6 16. Bxc6 Bxc6 17. Nb4 Bxe4 18. Rb2 Bxb2 19. Qg4 Bf5 20. Qg5 Qxc4
21. Bd2 Qd4
0-1

[Event "The Summer Games"]
[Site "SchemingMind.com"]
[Date "2013.08.08"]
[Round "-"]
[White "mochiron"]
[Black "Mitch The Man"]
[Result "1/2-1/2"]
[WhiteCountry "JPN"]
[BlackCountry "USA"]
[WhiteElo "1302"]
[WhiteRD "71"]
[BlackElo "1395"]
[BlackRD "67"]
[GameID "336168"]

1. c4 e5 2. Nc3 c6 3. e4 Be7 4. d3 Bf6 5. Be2 Ne7 6. Nf3 O-O 7. O-O h6 8. Be3 d6 9. h4 Ng6 10. h5 Nf4
11. Bxf4 exf4 12. e5 dxe5 13. Ne4 a5 14. g3 Bh3 15. Kh2 Bf5 16. Nxf6+ Qxf6 17. Rg1 a4 18. g4 Be6 19. d4 e4 20. Ne5 f3
21. Bf1 Qh4+ 22. Bh3 Qxf2+ 23. Bg2 Qh4+ 24. Bh3 Qf2+ 25. Kh1 Qh4 26. Kh2 Nd7 27. Nxf3 exf3 28. Qxf3 Bxc4 29. g5 Qxd4 30. gxh6 Qxb2+
31. Bg2 Qe5+ 32. Kh1 Bd5 33. Qh3 Bxg2+ 34. Rxg2 Qxa1+ 35. Kh2 Qe5+ 36. Rg3 Nf6 37. Kh1 Qe1+ 38. Rg1 Qe4+ 39. Kh2 Qf4+ 40. Kh1= Qe4+
41. Kh2=
1/2-1/2

[Event "The Summer Games"]
[Site "SchemingMind.com"]
[Date "2013.08.08"]
[Round "-"]
[White "mochiron"]
[Black "cnbcad"]
[Result "0-1"]
[WhiteCountry "JPN"]
[BlackCountry "USA"]
[WhiteElo "1302"]
[WhiteRD "71"]
[BlackElo "1552"]
[BlackRD "69"]
[GameID "336169"]

1. b4 b5 2. Bb2 Nf6 3. e3 c6 4. Bxf6 exf6 5. Nc3 Bxb4 6. Nf3 Qa5 7. Be2 Bxc3 8. dxc3 Qxc3+ 9. Nd2 Bb7 10. O-O O-O
11. Nf3 a5 12. Qd3 Qc5 13. e4 b4 14. h3 Ba6 15. Qd2 Bxe2 16. Qxe2 Re8 17. Nh2 d5 18. Kh1 dxe4 19. f3 e3 20. Ng4 f5
21. Nh2 Nd7 22. f4 Nf6 23. Nf3 Ne4 24. Ng5 Ng3+
0-1

[Event "The Summer Games"]
[Site "SchemingMind.com"]
[Date "2013.08.08"]
[Round "-"]
[White "mochiron"]
[Black "Phillip Beckett"]
[Result "0-1"]
[WhiteCountry "JPN"]
[BlackCountry "ENG"]
[WhiteElo "1302"]
[WhiteRD "71"]
[BlackElo "1590"]
[BlackRD "50"]
[GameID "336171"]

1. c4 e5 2. Nc3 Nf6 3. e4 d6 4. h3 Be7 5. d3 h6 6. Be2 O-O 7. Nf3 Nc6 8. Nh2 Nh7 9. Bg4 Nd4 10. O-O Nf6
11. Bxc8 Rxc8 12. Ng4 Nxg4 13. Qxg4 Kh7 14. f4 exf4 15. Bxf4 Ne6 16. Nd5 Nxf4 17. Nxf4 Bg5 18. Nh5 g6 19. Nf4 Bxf4 20. Rxf4 Qg5
21. Qxg5 hxg5 22. Rf2 f5 23. exf5 gxf5 24. Re1 Rf7 25. g3 Rcf8 26. h4 gxh4 27. gxh4 Kh6 28. Re6+ Kh5 29. Rg2 f4 30. Rg5+ Kxh4
31. Reg6 f3 32. Kf2 Rf6 33. Rg4+ Kh5 34. R6g5+ Kh6 35. Rd5 Re6 36. Rdg5 Re2+ 37. Kg3 Rg2+ 38. Kh4 Rxg4+ 39. Rxg4 f2 40. b4 f1=Q
0-1

[Event "The Summer Games"]
[Site "SchemingMind.com"]
[Date "2013.08.08"]
[Round "-"]
[White "mochiron"]
[Black "jpetric"]
[Result "0-1"]
[WhiteCountry "JPN"]
[BlackCountry "USA"]
[WhiteElo "1302"]
[WhiteRD "71"]
[BlackElo "1488"]
[BlackRD "67"]
[GameID "336172"]

1. h4 e5 2. e4 Nf6 3. Bc4 d5 4. exd5 Nxd5 5. Bxd5 Qxd5 6. Qf3 e4 7. Qe3 Bc5 8. Qg3 Qd4 9. Qe3 Qb4 10. Qb3 Qd4
11. Qe3 Qxe3+ 12. fxe3 Bg4 13. Nc3 O-O 14. d3 exd3 15. cxd3 Nc6 16. Nf3 Rfe8 17. Ke2 Nd4+ 18. Kf1 Nc2 19. Bd2 Nxa1 20. Kf2 Nc2
21. Rc1 Nxe3 22. Bxe3 Bxe3+ 23. Kg3 Bxc1 24. Kxg4 Bxb2 25. Ne4 Rad8 26. h5 Rxd3 27. Nc5 Rd5 28. Nb3 f5+ 29. Kh3 c5 30. Na5 b6
31. Nb3 f4 32. Kg4 c4 33. Nbd4 Bxd4 34. Ng5 Rxg5+ 35. Kxg5 c3 36. Kxf4 c2 37. Kf3 c1=Q
0-1

[Event "The Summer Games"]
[Site "SchemingMind.com"]
[Date "2013.08.08"]
[Round "-"]
[White "mochiron"]
[Black "ray winteringham"]
[Result "1-0"]
[WhiteCountry "JPN"]
[BlackCountry "ENG"]
[WhiteElo "1302"]
[WhiteRD "71"]
[BlackElo "1512"]
[BlackRD "52"]
[GameID "336173"]

1. g3 e5 2. Bg2 d5 3. d3 Nc6 4. Nf3 Nf6 5. O-O Bd6 6. e4 d4 7. Bd2 Be7 8. Na3 Bxa3 9. bxa3 O-O 10. Nh4 h6
11. Nf5 Bxf5 12. exf5 Qd7 13. Bh3 Ne7 14. g4 g6 15. Bxh6 Rfe8 16. fxg6 Nxg6 17. Qf3 Nh7 18. Kh1 Qe7 19. g5 Nxg5 20. Bxg5 Qxg5
21. Rg1 Qh6 22. Qe4 Qxh3 23. f4 exf4 24. Qxd4 Re2 25. Qxf4 Kf8 26. Rxg6 Rae8 27. Qb4+ R8e7 28. Qf4 Rxc2 29. Rag1 Rxh2+ 30. Qxh2 Qxh2+
31. Kxh2 fxg6 32. Rxg6 Re2+ 33. Kg3 Rxa2 34. Kf4 Rxa3 35. d4 Ra6 36. Rg5 Rb6 37. d5 a6 38. Ke5 Ke8 39. Rg8+ Kf7 40. Rd8 Ke7
41. Rh8 c5 42. Rh7+ Kd8 43. d6 c4 44. Ke6
1-0

[Event "The Summer Games"]
[Site "SchemingMind.com"]
[Date "2013.08.08"]
[Round "-"]
[White "mochiron"]
[Black "DefensaSiciliana"]
[Result "0-1"]
[WhiteCountry "JPN"]
[BlackCountry "ESP"]
[WhiteElo "1335"]
[WhiteRD "75"]
[BlackElo "1568"]
[BlackRD "81"]
[GameID "336174"]

1. f4 d5 2. Nf3 Nf6 3. e3 g6 4. Be2 Bg7 5. O-O O-O 6. d4 c5 7. dxc5 Qc7 8. Bd2 Qxc5 9. Nd4 Nc6 10. Nxc6 bxc6
11. Nc3 Bf5 12. Bf3 Rfd8 13. Na4 Qxc2 14. Qxc2 Bxc2 15. Nc3 Bf5 16. a3 Nd7 17. h3 e5 18. fxe5 Nxe5 19. e4 dxe4 20. Nxe4 Bxe4
21. Bxe4 Rxd2 22. Rfe1 Rxb2 23. Rac1 Rd8 24. Kh2 Rdd2 25. a4 h5 26. Kg3 f5 27. Bxc6 Nxc6 28. Rxc6 Rxg2+ 29. Kf4 Rbf2+ 30. Ke3 Rc2
31. Rxc2 Rxc2 32. Kd3 Ra2 33. Re8+ Kf7 34. Rb8 Rxa4 35. Rb7+ Kg8 36. Kc2 a5 37. Kb3 Rb4+ 38. Rxb4 axb4 39. Kxb4 g5 40. Kc4 g4
41. hxg4 fxg4 42. Kd3 g3 43. Ke3 h4 44. Kf3 Be5 45. Kg2 Kf7 46. Kh3 Kf6 47. Kxh4 g2 48. Kh3 g1=Q 49. Kh4 Qg3+
0-1

[Event "The Summer Games"]
[Site "SchemingMind.com"]
[Date "2013.08.08"]
[Round "-"]
[White "mochiron"]
[Black "Paul7926"]
[Result "1-0"]
[WhiteCountry "JPN"]
[BlackCountry "ENG"]
[WhiteElo "1302"]
[WhiteRD "71"]
[BlackElo "1336"]
[BlackRD "81"]
[GameID "336175"]

1. a3 e5 2. e4 Nc6 3. d3 Nf6 4. Bg5 h6 5. Bxf6 Qxf6 6. Nf3 d6 7. Nc3 Be6 8. Be2 Nd4 9. Nxd4 exd4 10. Nd5 Qd8
11. O-O Bxd5 12. exd5 f5 13. c3 dxc3 14. bxc3 Qg5 15. f4 Qf6 16. d4 Be7 17. Bb5+ Kf7 18. Be2 g6 19. g4 c5 20. gxf5 Qxf5
21. Bg4 Qxd5 22. f5 gxf5 23. Rxf5+ Qxf5 24. Bxf5 Rag8+ 25. Kf1 Rg5 26. Bd3 Rhg8 27. Qf3+ Ke8 28. Kf2 b6 29. Qa8+ Bd8 30. Re1+ Kd7
31. Bb5+ Kc7 32. Qxa7+ Kc8 33. Bd7#
1-0

[Event "The Summer Games"]
[Site "SchemingMind.com"]
[Date "2013.08.08"]
[Round "-"]
[White "Mitch The Man"]
[Black "mochiron"]
[Result "1-0"]
[WhiteCountry "USA"]
[BlackCountry "JPN"]
[WhiteElo "1384"]
[WhiteRD "66"]
[BlackElo "1328"]
[BlackRD "71"]
[GameID "336176"]

1. e4 a6 2. d4 e6 3. e5 h6 4. Bd3 Nc6 5. Ne2 Bb4+ 6. c3 Ba5 7. O-O Bb6 8. b4 Nce7 9. Nd2 d6 10. Bc2 dxe5
11. Nb3 Nf6 12. a4 c6 13. a5 Bc7 14. dxe5 Bxe5 15. Qxd8+ Kxd8 16. Rd1+ Ke8 17. f4 Bc7 18. h3 g5 19. fxg5 hxg5 20. Bxg5 Be5
21. h4 Nf5 22. Bxf5 exf5 23. g3 Bd7 24. Nc5 Nd5 25. Nxd7 Kxd7 26. Rd3 Rae8 27. Rad1 Ke6 28. Kg2 f6 29. Bf4 Nxf4+ 30. Nxf4+ Bxf4
31. gxf4 Kf7 32. Rd7+ Kg6 33. Rh1 Rh5 34. Kf3 Rf8 35. Rg1+ Kh6 36. Rdg7 Rxh4 37. R7g6+ Kh7 38. Rg7+ Kh6 39. R1g3 Rh8 40. R7g6+ Kh5
41. Rxf6 Rg4 42. Rxf5+ Kh4 43. Rxg4+ Kh3 44. Rg3+ Kh2 45. Rfg5 Rh3 46. Rxh3+ Kxh3 47. f5 Kh4 48. Kf4
1-0

[Event "The Summer Games"]
[Site "SchemingMind.com"]
[Date "2013.08.08"]
[Round "-"]
[White "cnbcad"]
[Black "mochiron"]
[Result "1-0"]
[WhiteCountry "USA"]
[BlackCountry "JPN"]
[WhiteElo "1565"]
[WhiteRD "70"]
[BlackElo "1335"]
[BlackRD "75"]
[GameID "336177"]

1. Nf3 Nc6 2. g3 d5 3. d4 Bg4 4. Bg2 Bxf3 5. Bxf3 e6 6. O-O Bd6 7. Nd2 Nxd4 8. Bg2 Nf6 9. e3 O-O 10. exd4 c5
11. dxc5 Bxc5 12. Nb3 Be7 13. Nd4 Ne4 14. Qg4 Nf6 15. Qf4 Bd6 16. Qd2 Ne4 17. Qe3 Bc5 18. c3 Bxd4 19. Qxd4 a6 20. Bxe4 dxe4
21. Qxe4 Qb6 22. b4 Rad8 23. Bb2 f5 24. Qe2 f4 25. Qg4 e5 26. a3 fxg3 27. hxg3 Rf6 28. c4 Rg6 29. Qh5 Rxg3+ 30. Kh2 Rg6
31. Qxe5 Rh6+ 32. Kg2 Qg6+ 33. Qg3 Qxg3+ 34. Kxg3 Rg6+ 35. Kf3 Rf8+ 36. Ke2 Re6+ 37. Kd2 Rd8+ 38. Kc2 Re2+ 39. Kb3 Rd3+ 40. Ka2 b5
41. cxb5 axb5 42. f4 Kf7 43. f5 h5 44. Rg1 Rxb2+ 45. Kxb2 Kf6 46. Rae1 h4 47. Rg6+ Kxf5 48. Rxg7 Kf6 49. Rh7 h3 50. Rh4 Kg5
51. Rh8 Rd2+ 52. Kb3 h2 53. Rh1 Kg4 54. R1xh2 Rd3+ 55. Kb2 Kg5 56. Rf8 Kg4 57. Rg2+ Kh3 58. Rg7 Kh2 59. Rh8+ Rh3 60. Rxh3+ Kxh3
61. Rg6 Kh4 62. a4 bxa4 63. Ka3 Kh5 64. Rg1
1-0

[Event "The Summer Games"]
[Site "SchemingMind.com"]
[Date "2013.08.08"]
[Round "-"]
[White "Phillip Beckett"]
[Black "mochiron"]
[Result "1/2-1/2"]
[WhiteCountry "ENG"]
[BlackCountry "JPN"]
[WhiteElo "1590"]
[WhiteRD "50"]
[BlackElo "1302"]
[BlackRD "71"]
[GameID "336179"]

1. d4 f5 2. e3 d6 3. Bd3 Nf6 4. f4 e6 5. Nf3 Be7 6. c3 O-O 7. O-O d5 8. Ne5 Nc6 9. Nd2 Nxe5 10. fxe5 Ne4
11. Nxe4 fxe4 12. Be2 Bd7 13. Bd2 Be8 14. Rxf8+ Bxf8 15. Qf1 Bg6 16. Qf2 Be7 17. Rf1 Qd7 18. Qg3 Bf5 19. Bg4 Bxg4 20. Qxg4 g6
21. Be1 Rf8 22. Rxf8+ Bxf8 23. Bh4 b5 24. Qg5 Bg7 25. Qd8+ Qxd8 26. Bxd8 Kf7 27. Bxc7 h5 28. b4 Ke7 29. Bd6+ Kd7 30. Kf2= g5
31. h3=
1/2-1/2